000 01417cam a2200313 4500
001 L159932
008 180406n2018 000 0 eng u
020 _a9781138693937
020 _a97813115529059
035 _a(Sirsi) u159932
041 0 _aeng
050 0 4 _a692.8 $2 18
100 1 _aAshworth, Allan
245 0 0 _aContractual procedures in the construction industry
_h[electronic source]
250 _a7th ed.
260 _aAbingdon
_bRoutledge
_c2018
505 2 _aContract law -- Procurement -- Process and parties -- Principles of the conditions of contract.
520 _aProvides students with a comprehensive understanding of the subject. It reinforces the changes that are taking place within the construction industry, such as how it is organised and the way in which consultants, contractors, subcontractors and all of those involved in the supply chain obtain work. It covers principles involved in contractual and procurement arrangements in the construction industry.
520 _aSupersedes 6th edition (ISBN 9780273745600)
650 2 4 _aSUPPLY CHAIN MANAGEMENT
650 2 4 _aPUBLIC PRIVATE PARTNERSHIPS
650 2 4 _aPFI
650 2 4 _aFLUCTUATIONS
650 2 4 _aLEAN CONSTRUCTION
651 4 _aENGLAND AND WALES
690 _aProcurement
_96260
856 4 0 _uhttps://www.vlebooks.com/
_zView on VLEbooks. Logins for members only from [email protected]
942 _n0
_2ddc
999 _c116158
_d116158